The First Words of the Bible - Statistics

General Stats
  • This quiz has been taken 1,335 times
  • The average score is 33 of 75
Answer Stats
Answer % Correct
the
99%
a
98%
be
98%
God
97%
in
97%
and
96%
Earth
94%
he
94%
beginning
93%
created
92%
was
92%
heaven
89%
light
87%
there
83%
let
78%
day
76%
good;
74%
said
74%
darkness
66%
first
66%
it
65%
night
64%
saw
62%
second
59%
of
57%
third
54%
form
53%
that
52%
called
50%
land
50%
waters
50%
without
50%
void;
49%
made
42%
from
40%
spirit
39%
evening
37%
morning
37%
so
33%
face
32%
deep;
31%
divide
31%
firmament
30%
upon
30%
were
29%
above
27%
seas
25%
dry
24%
divided
22%
tree
22%
forth
20%
moved
19%
under
19%
fruit
17%
is
17%
one
16%
midst
15%
bring
14%
seed
14%
which
14%
his
12%
gathered
11%
place
11%
brought
10%
grass
10%
together
10%
after
9%
appear
9%
gathering
8%
kind
8%
unto
7%
herb
6%
yielding
5%
itself
4%
whose
4%
No matching quizzes found
Score Distribution
Percent of People with Each Score
Percentile by Number Answered
Your Score History
You have not taken this quiz